| 000 | 01156nam2a2200265 i 4500 | ||
|---|---|---|---|
| 001 | RU\NLR\BIBL_A\010721314 | ||
| 005 | 20240728151726.0 | ||
| 010 |
_a9785900948171 _bт.1 _91000 |
||
| 021 |
_aRU _b2015-11931 _9723 |
||
| 035 | _a(NLR Aleph) 010721314 | ||
| 090 |
_a9821597 _c9821597 |
||
| 100 | _a20150407d2015 u y0rusy50 ca | ||
| 101 | 0 | _arus | |
| 102 | _aRU | ||
| 105 | _aac||f|||001yy | ||
| 200 | 1 | _aА - М | |
| 210 | _d2015 | ||
| 215 |
_a567, [1] с. _cил., портр. |
||
| 320 | _aБиблиогр.: с. 565-567 | ||
| 461 | 0 |
_1001RU\NLR\BIBL_A\010729354 _12000#$aДонская энциклопедия$e(персоналии, населенные пункты)$e[более 13000 статей$fсост.: М.П. Астапенко$gгл. ред.: С.С. Таптыгин]$vТ. 1 _99857975 _cТаганрог _d2015 _fсост.: М.П. Астапенко _nАйкэн _o(персоналии, населенные пункты) : [более 13000 статей _tДонская энциклопедия _y9785900948195 _vТ. 1 |
|
| 942 | _cBOOK | ||
| 980 | _aNBR | ||